Succeeding at social enterprise :hard-won lessons for nonprofits and social entrepreneurs / (Record no. 1616)
| 000 -LEADER | |
|---|---|
| fixed length control field | 02184cam a2200337 a 4500 |
| 001 - CONTROL NUMBER | |
| control field | 16065395 |
| 003 - CONTROL NUMBER IDENTIFIER | |
| control field | OSt |
| 005 - DATE AND TIME OF LATEST TRANSACTION | |
| control field | 20150416155536.0 |
| 008 - FIXED-LENGTH DATA ELEMENTS--GENERAL INFORMATION | |
| fixed length control field | 100122s2010 caua 001 0 eng |
| 010 ## - LIBRARY OF CONGRESS CONTROL NUMBER | |
| LC control number | 2009054088 |
| 015 ## - NATIONAL BIBLIOGRAPHY NUMBER | |
| National bibliography number | GBB011761 |
| Source | bnb |
| 016 7# - NATIONAL BIBLIOGRAPHIC AGENCY CONTROL NUMBER | |
| Record control number | 015478720 |
| Source | Uk |
| 020 ## - INTERNATIONAL STANDARD BOOK NUMBER | |
| International Standard Book Number | 9780470405321 (pbk.) |
| 020 ## - INTERNATIONAL STANDARD BOOK NUMBER | |
| International Standard Book Number | 0470405325 (pbk.) |
| 035 ## - SYSTEM CONTROL NUMBER | |
| System control number | (OCoLC)ocn460062113 |
| 040 ## - CATALOGING SOURCE | |
| Original cataloging agency | DLC |
| Transcribing agency | DLC |
| Modifying agency | YDX |
| -- | BTCTA |
| -- | UKM |
| -- | YDXCP |
| -- | BWX |
| -- | CDX |
| -- | DLC |
| 050 00 - LIBRARY OF CONGRESS CALL NUMBER | |
| Classification number | HD62.6.S83 2010 |
| 082 00 - DEWEY DECIMAL CLASSIFICATION NUMBER | |
| Classification number | 658/.048 |
| Edition number | 22 |
| 245 00 - TITLE STATEMENT | |
| Title | Succeeding at social enterprise :hard-won lessons for nonprofits and social entrepreneurs / |
| Statement of responsibility, etc | Social Enterprise Alliance. |
| 250 ## - EDITION STATEMENT | |
| Edition statement | 1st ed. |
| 260 ## - PUBLICATION, DISTRIBUTION, ETC. (IMPRINT) | |
| Place of publication, distribution, etc | San Francisco, CA : |
| Name of publisher, distributor, etc | Jossey-Bass, |
| Date of publication, distribution, etc | c2010. |
| 300 ## - PHYSICAL DESCRIPTION | |
| Extent | xxxiii, 260 p. : |
| Other physical details | ill. ; |
| Dimensions | 24 cm. |
| 500 ## - GENERAL NOTE | |
| General note | Includes index. |
| 505 0# - FORMATTED CONTENTS NOTE | |
| Formatted contents note | Aligning mission and a social venture / Keith B. Artin -- Doing good versus doing well / Kevin Lynch and Julius Walls Jr. -- Business planning for enduring social impact / Andrew Wolk -- Aligning staff and board around a venture / Wendy K. Baumann and Julann Jatczak -- The life cycle of social enterprise financing / Jeannine Jacokes and Jennifer Pryce -- Product or service development / Mark J. Loranger -- Image, advertising, and communications / Martin Schwartz -- Generating sales through great customer service / Martin Schwartz -- Advocacy and social enterprise / Charles King -- Innovation and technology strategies / Sean Milliken ... [et al.] -- Building a performance measurement system : using data to accelerate social impact / Andrew Wolk -- Value versus waste / Kevin Lynch and Julius Walls Jr. -- Good board governance is a good business practice / Sonia Pouyat -- Leading change / Deborah Alvarez-Rodriguez -- Leadership succession / Jim Schorr -- Scaling back or shutting down the venture / Gerry Higgins and James Finnie. |
| 650 #0 - SUBJECT ADDED ENTRY--TOPICAL TERM | |
| Topical term or geographic name as entry element | Nonprofit organizations. |
| 650 #0 - SUBJECT ADDED ENTRY--TOPICAL TERM | |
| Topical term or geographic name as entry element | Nonprofit organizations |
| General subdivision | Management. |
| 710 2# - ADDED ENTRY--CORPORATE NAME | |
| Corporate name or jurisdiction name as entry element | Social Enterprise Alliance. |
| 906 ## - LOCAL DATA ELEMENT F, LDF (RLIN) | |
| a | 7 |
| b | cbc |
| c | orignew |
| d | 1 |
| e | ecip |
| f | 20 |
| g | y-gencatlg |
| 942 ## - ADDED ENTRY ELEMENTS (KOHA) | |
| Source of classification or shelving scheme | |
| Koha item type | Book |
| Withdrawn status | Lost status | Source of classification or shelving scheme | Damaged status | Not for loan | Home library | Current library | Shelving location | Date acquired | Total Checkouts | Full call number | Barcode | Date last seen | Date checked out | Copy number | Price effective from | Koha item type | Total Renewals |
|---|---|---|---|---|---|---|---|---|---|---|---|---|---|---|---|---|---|
| Riara University Library | Riara University Library | General stack | 16/04/2015 | 1 | HD62.6.S83 2010 | 5547/15 | 27/02/2023 | 22/04/2015 | C.1 | 16/04/2015 | Book | ||||||
| Riara University Library | Riara University Library | General stack | 18/04/2015 | 6 | HD62.6.S83 2010 | 5653/15 | 22/03/2016 | 02/03/2016 | C.2 | 18/04/2015 | Book | ||||||
| Riara University Library | Riara University Library | General stack | 18/04/2015 | 1 | HD62.6.S83 2010 | 5654/15 | 20/06/2023 | 13/09/2016 | C.3 | 18/04/2015 | Book | 1 |
